000 00867nam a2200265Ia 4500
003 OSt
005 20220926005700.0
006 a|||||r|||| 00| 0
007 ta
008 220923b |||||||| |||| 00| 0 eng d
020 _a9781259004766
_c522.75
037 _b5115, 26/09/2013, RAJKIRAN BOOK AGENCY
_cGeneral Book
040 _aRTL
_cRTL
_beng
041 _2eng
_aeng
082 _aX:87, M0;Q3
100 _aTHOMPSON Arthur A
_9130306
245 0 _aCrafting and executing strategy
_b The quest for competitive advantage concepts and cases
250 _a18
260 _a New Delhi
_bTata Mc-Graw Hill
_c2013
300 _axxxi, C-459p+I-46
_ccm.
500 _aBibliography: P 291-98
650 _aCommerce
942 _hX:87, M0;Q3
_cGB
_2CC
999 _c614787
_d614787